000 00320nam a2200109Ia 4500
008 220204s9999 xx 000 0 und d
082 _a546:541.64
_bRHE
245 0 _aHomoatomic rings, chains and macromolecules of main group elements
260 _aAmsterdam
_bElsevier
_c1977
700 _aRheingold, Arnold L
942 _cBK
999 _c28992
_d28992